Windows 7 General Knowledge Quiz - Statistics

General Stats
  • This quiz has been taken 20 times
  • The average score is 4 of 8
Answer Stats
Question Answer % Correct
What is the primary color of the default desktop background? Blue
100%
Which year was Windows 7 released? 2009
95%
How many notes does the startup sound consist of? 4
53%
What is the name of the most advanced version of Windows 7? Ultimate
37%
What is the transparency effect called? Windows Aero
37%
What is the name of the default system font? Segoe UI
32%
What is the name of the most basic version of Windows 7? Home Basic
26%
What is the developer of the games that come with the system? Oberon Games
5%
No matching quizzes found
Score Distribution
Percent of People with Each Score
Percentile by Number Answered
Your Score History
You have not taken this quiz